El día decisivo: 11 de septiembre de 1973

Збережено в:
Бібліографічні деталі
Автор: Pinochet Ugarte, Augusto (1915-2006)
Формат: Книга
Мова:Іспанська
Опубліковано: Santiago, Chile Andrés Bello 1984
Редагування:Quinta edición
Предмети:
Теги: Додати тег
Немає тегів, Будьте першим, хто поставить тег для цього запису!

MARC

LEADER 00000nam a2200000 a 4500
001 UCH1984
003 CL-VaPUC
005 20241213123109.0
008 090520e19841200CL |||||||||||||||||spa|d
999 |c 333853  |d 333851 
040 |c Pontificia Universidad Católica de Valparaíso 
082 0 4 |a 983.064 PIN 1984  |2 21 
100 |a Pinochet Ugarte, Augusto,  |e 1915-2006  |9 374419 
245 1 3 |a El día decisivo:  |b  11 de septiembre de 1973 
250 |a Quinta edición 
260 |a Santiago, Chile  |b Andrés Bello  |c 1984 
300 |a 292 páginas 
583 |a last modification  |c 20090520 00:00:00  |k Rodrigo Vera 
650 0 |a Historia de Chile  |9 265473 
650 7 |a DICTADURA MILITAR  |2 CL-VaPUC  |9 404217  |x HISTORIA DE CHILE 
650 7 |a GOLPE DE ESTADO  |2 CL-VaPUC  |9 313453  |y 1973  |z CHILE 
852 |a BIBCUR 
942 |c BK  |2 ddc 
945 |d 20090520 00:00:00  |a dcastane 
952 |0 0  |1 0  |2 ddc  |4 0  |6 983_064000000000000_PIN_1984  |7 0  |8 A  |9 422496  |a BIBHIS  |b BIBHIS  |d 2019-11-22  |i 4518004  |l 1  |o 983.064 PIN 1984  |p 4518004  |r 2025-01-20  |s 2023-04-26  |t 1  |w 2019-11-22  |y BK  |k HIS